Statistics for Countries of the World in Alphabetical Order

Click here to take the quiz!

General Stats

  • This quiz has been taken 12 times
  • The average score is 109 of 196

Answer Stats

ContinentCountry% Correct
AsiaAfghanistan
100%
EuropeAlbania
100%
AfricaAlgeria
100%
EuropeAndorra
86%
South AmericaArgentina
86%
AsiaArmenia
86%
OceaniaAustralia
86%
AfricaAngola
71%
North AmrericaAntigua and Barbuda
71%
EuropeAustria
71%
AsiaAzerbaijan
71%
North AmericaBahamas
71%
AsiaBahrain
71%
AsiaBangladesh
71%
EuropeBelarus
71%
EuropeBelgium
71%
North AmericaBelize
71%
AfricaBenin
71%
AsiaBhutan
71%
South AmericaBrazil
71%
AsiaBrunei
71%
EuropeBulgaria
71%
North AmericaCanada
71%
AfricaChad
71%
AsiaChina
71%
South AmericaColombia
71%
North AmericaCosta Rica
71%
North AmericaCuba
71%
AfricaDemocratic Republic of the Congo
71%
EuropeDenmark
71%
South AmericaEcuador
71%
AfricaEgypt
71%
North AmericaEl Salvador
71%
EuropeEstonia
71%
OceaniaFiji
71%
EuropeFinland
71%
EuropeFrance
71%
EuropeGermany
71%
North AmericaGuatemala
71%
AfricaGuinea
71%
AfricaGuinea-Bissau
71%
North AmericaHonduras
71%
AsiaIndia
71%
EuropeLatvia
71%
EuropeLiechtenstein
71%
EuropeMacedonia
71%
AfricaMali
71%
AfricaMauritania
71%
AfricaMauritius
71%
EuropeMonaco
71%
OceaniaPapua New Guinea
71%
Asia/EuropeTurkey
71%
EuropeUkraine
71%
EuropeUnited Kingdom
71%
EuropeVatican City
71%
South AmericaVenezuela
71%
AsiaVietnam
71%
North AmericaBarbados
57%
South AmericaBolivia
57%
EuropeBosnia and Herzegovina
57%
AfricaBotswana
57%
AfricaBurundi
57%
AsiaCambodia
57%
AfricaCentral African Republic
57%
South AmericaChile
57%
EuropeCroatia
57%
EuropeCyprus
57%
EuropeCzechia
57%
North AmericaDominica
57%
North AmericaDominican Republic
57%
AfricaGabon
57%
AfricaGambia
57%
AsiaGeorgia
57%
AfricaGhana
57%
EuropeGreece
57%
North AmericaGrenada
57%
South AmericaGuyana
57%
North AmericaHaiti
57%
AsiaIndonesia
57%
AsiaIsrael
57%
EuropeItaly
57%
North AmericaJamaica
57%
AsiaJapan
57%
AsiaJordan
57%
AsiaKazakhstan
57%
OceaniaKiribati
57%
EuropeKosovo
57%
AsiaLebanon
57%
AfricaLiberia
57%
AfricaLibya
57%
EuropeLithuania
57%
EuropeLuxembourg
57%
AfricaMadagascar
57%
EuropeMalta
57%
North AmericaMexico
57%
EuropeMoldova
57%
AsiaMongolia
57%
EuropeMontenegro
57%
AfricaMorocco
57%
OceaniaNauru
57%
AsiaNepal
57%
OceaniaNew Zealand
57%
North AmericaNicaragua
57%
AsiaNorth Korea
57%
AsiaPakistan
57%
OceaniaPalau
57%
North AmericaPanama
57%
South AmericaPeru
57%
EuropePoland
57%
EuropePortugal
57%
North AmericaSaint Kitts and Nevis
57%
North AmericaSaint Lucia
57%
North AmericaSaint Vincent and the Grenadines
57%
EuropeSan Marino
57%
EuropeSlovakia
57%
EuropeSlovenia
57%
AfricaSomalia
57%
AfricaSouth Africa
57%
AsiaSouth Korea
57%
AfricaSouth Sudan
57%
EuropeSpain
57%
OceaniaTonga
57%
AfricaTunisia
57%
OceaniaTuvalu
57%
North AmericaUnited States of America
57%
South AmericaUruguay
57%
AsiaUzbekistan
57%
AfricaZambia
57%
AfricaZimbabwe
57%
AfricaBurkina Faso
43%
AfricaCabo Verde
43%
AfricaDjibouti
43%
AsiaEast Timor
43%
AfricaEquatorial Guinea
43%
AfricaEritrea
43%
AfricaEthiopia
43%
EuropeHungary
43%
EuropeIceland
43%
AsiaIran
43%
AsiaIraq
43%
EuropeIreland
43%
AfricaKenya
43%
AsiaKyrgyzstan
43%
AsiaLaos
43%
AfricaLesotho
43%
AfricaMalawi
43%
AsiaMalaysia
43%
OceaniaMarshall Islands
43%
OceaniaMicronesia
43%
AfricaMozambique
43%
AsiaMyanmar
43%
EuropeNetherlands
43%
AfricaNiger
43%
AfricaNigeria
43%
EuropeNorway
43%
AsiaOman
43%
South AmericaParaguay
43%
AsiaPhilippines
43%
AsiaQatar
43%
EuropeRomania
43%
Asia/EuropeRussia
43%
OceniaSamoa
43%
AfricaSenegal
43%
EuropeSerbia
43%
AfricaSeychelles
43%
OceaniaSolomon Islands
43%
AsiaSri Lanka
43%
AfricaSudan
43%
South AmericaSuriname
43%
EuropeSweden
43%
EuropeSwitzerland
43%
AsiaTajikistan
43%
AsiaThailand
43%
North AmericaTrinidad and Tobago
43%
AsiaTurkmenistan
43%
AfricaUganda
43%
AsiaUnited Arab Emirates
43%
OceaniaVanuatu
43%
AsiaYemen
43%
AfricaCameroon
29%
AfricaComoros
29%
AfricaCote d'Ivoire
29%
AsiaKuwait
29%
AsiaMaldives
29%
AfricaNamibia
29%
AfricaRepublic of the Congo
29%
AfricaRwanda
29%
AfricaSão Tomé and Príncipe
29%
AfricaSierra Leone
29%
AsiaSingapore
29%
AfricaSwaziland
29%
AsiaSyria
29%
AsiaTaiwan
29%
AfricaTanzania
29%
AsiaSaudi Arabia
14%
AfricaTogo
14%

Score Distribution

Percentile by Number Answered

Percent of People with Each Score

Your Score History

You have not taken this quiz